[Event "Mezinarodni turnaj - CALLIDITAS OPEN"]
[Site "Plzen"]
[Date "2020.08.30"]
[Round "9.25"]
[White "Hoerhold, Karola"]
[Black "Dudova, Pavlina"]
[Result "0-1"]
[WhiteElo "1725"]
[BlackElo "1496"]
[PlyCount "88"]
[EventDate "2020.08.23"]

1. e4 e6 2. d4 d5 3. Nd2 Nf6 4. e5 Nfd7 5. c3 c5 6. Bd3 Nc6 7. Ngf3 cxd4 8.
cxd4 f6 9. exf6 Nxf6 10. O-O Bd6 11. Re1 O-O 12. Nf1 Qc7 13. Bg5 Bd7 14. Rc1
Qb6 15. Bh4 Rae8 16. Bg3 Bxg3 17. Nxg3 Re7 18. Qd2 Rfe8 19. h3 e5 20. dxe5 Nxe5
21. Nxe5 Rxe5 22. Rxe5 Rxe5 23. Qf4 Re8 24. b3 Qa5 25. a4 Re1+ 26. Kh2 Rxc1 27.
Qxc1 Qb4 28. Qe3 d4 29. Qc1 Kf8 30. Qc7 Qxb3 31. Bc4 Qb6 32. Qb8+ Be8 33. Nf5
Qc5 34. Nd6 Qe5+ 35. g3 Ne4 36. Qxb7 Nxd6 37. Qf3+ Qf6 38. Qe2 Nxc4 39. Qxc4
Qxf2+ 40. Kh1 Qf3+ 41. Kg1 Qxg3+ 42. Kh1 Qxh3+ 43. Kg1 Qe3+ 44. Kh2 d3 0-1

[Event "Mezinarodni turnaj - CALLIDITAS OPEN"]
[Site "Plzen"]
[Date "2020.08.30"]
[Round "9.26"]
[White "Macho, Miloslav"]
[Black "Mametev, Artem"]
[Result "1-0"]
[WhiteElo "1661"]
[BlackElo "1479"]
[PlyCount "55"]
[EventDate "2020.08.23"]

1. e4 c5 2. Nc3 e6 3. g3 d6 4. Bg2 Nc6 5. Nf3 Nf6 6. O-O Be7 7. Re1 Qc7 8. d3
a6 9. a4 O-O 10. Bd2 Bd7 11. Ne2 d5 12. exd5 exd5 13. Bf4 Bd6 14. Bg5 Be7 15.
Nc3 Be6 16. d4 h6 17. Bf4 Bd6 18. Be5 Bxe5 19. dxe5 Nd7 20. Nxd5 Bxd5 21. Qxd5
Rfe8 22. e6 Rxe6 23. Rxe6 Nb4 24. Qd6 Qxd6 25. Rxd6 Nf6 26. c3 Nc6 27. Re1 Kf8
28. Nh4 1-0

[Event "Mezinarodni turnaj - CALLIDITAS OPEN"]
[Site "Plzen"]
[Date "2020.08.30"]
[Round "9.28"]
[White "Zach, Tomas"]
[Black "Konecny, Jakub"]
[Result "1/2-1/2"]
[WhiteElo "1617"]
[BlackElo "1245"]
[PlyCount "61"]
[EventDate "2020.08.23"]

1. e4 c6 2. d4 d5 3. exd5 cxd5 4. Nf3 Nf6 5. Bd3 Bg4 6. O-O e6 7. Bg5 Nbd7 8.
Nbd2 h6 9. Bf4 Be7 10. h3 Bxf3 11. Nxf3 g5 12. Bh2 Qb6 13. Rb1 Bd6 14. c3 Bxh2+
15. Nxh2 O-O-O 16. Re1 Qd6 17. f3 h5 18. Rc1 Kb8 19. Qe2 Rhg8 20. Bb5 g4 21. h4
gxf3 22. Nxf3 Qg3 23. Qf2 Nb6 24. Qxg3+ Rxg3 25. Kf2 Rg4 26. Bd3 Ne4+ 27. Bxe4
dxe4 28. Ng5 Rg8 29. g3 f5 30. Nxe6 Rxg3 31. Rg1 1/2-1/2

[Event "Mezinarodni turnaj - CALLIDITAS OPEN"]
[Site "Plzen"]
[Date "2020.08.30"]
[Round "9.31"]
[White "Fakan, Petr"]
[Black "Stepanek, Vit"]
[Result "0-1"]
[WhiteElo "1360"]
[BlackElo "1539"]
[PlyCount "44"]
[EventDate "2020.08.23"]

1. e4 c6 2. c4 e6 3. Nc3 d5 4. d4 Bb4 5. cxd5 exd5 6. e5 Bf5 7. Qb3 Bxc3+ 8.
bxc3 Qc7 9. Nf3 Nd7 10. Ba3 Nb6 11. Be2 Ne7 12. O-O O-O 13. Bd6 Qd7 14. Nh4 Be6
15. f4 Rfe8 16. Bxe7 Qxe7 17. g3 Nc4 18. f5 Nd2 19. Qd1 Nxf1 20. Qxf1 Bd7 21.
f6 gxf6 22. exf6 Qxe2 0-1